| 000 | 01144nmm a2200313 a 4500 | ||
|---|---|---|---|
| 003 | AR-BaBNM | ||
| 005 | 20251128205419.0 | ||
| 008 | 107119s1988 ||||||||||||||000 | spa|| | ||
| 020 | _a950-9589-08-X | ||
| 040 | _cAR-BaBNM | ||
| 100 | 1 | _aIglesias, Luis F. | |
| 245 | 1 | 0 |
_aLos guiones didácticos _btécnica para la conducción del aprendizaje |
| 260 |
_aBuenos Aires _bEdiciones Pedagógicas _c1988 |
||
| 300 |
_a125 p. _bil., láms., tablas |
||
| 500 | _aContiene referencias bibliográficas en notas a pie de página | ||
| 500 | _aAnexo: Capítulos I y II del "Manual para el maestro de escuela unitaria", redactado para los Talleres Pedagógicos realizados en xalapa, Estado de Veracruz, México, 1976 | ||
| 650 | 4 | _aDIDACTICA | |
| 650 | 4 | _aORGANIZACION DEL CURSO | |
| 650 | 4 | _aCONDUCCION DE LA CLASE | |
| 650 | 4 | _aGUIA DEL DOCENTE | |
| 650 | 4 | _aMATERIAL ELABORADO POR EL DOCENTE | |
| 650 | 4 | _aTECNICAS DE ENSENANZA | |
| 650 | 4 | _aRELACION ALUMNO-DOCENTE | |
| 650 | 4 | _aMATERIALES DE APOYO | |
| 650 | 4 | _aPREPARACION DE MATERIAL DIDACTICO | |
| 653 | _aPROCESO DE ENSENANZA-APRENDIZAJE | ||
| 942 | _cBK | ||
| 998 | _cSILVI | ||
| 999 |
_c11348 _d11348 |
||